000 00280nam a2200097Ia 4500
008 220216s9999 xx 000 0 und d
100 _aTillekeratne L M K
245 0 _aPresentation of latex crepes in TSR form to ensure consistency in quality
650 _aLatex crepe
942 _cJS
999 _c65644
_d65644